Teoría electromagnetismo.
| Main Authors: | , |
|---|---|
| Format: | Section = Libro |
| Language: | Undetermined Spanish |
| Published: |
México
McGraw-Hill
2012
|
| Edition: | 8a.ed. |
| Subjects: |
| LEADER | 00638nam a2200241Ia 4500 | ||
|---|---|---|---|
| 008 | 240829s9999 xx 000 0 und d | ||
| 020 | |a 978-607-15-0783-9 | ||
| 040 | |a BIBLIOTECA-RUSB/ 530.141 H426 | ||
| 041 | |a spa | ||
| 082 | |a 530.141 H426 | ||
| 100 | 1 | |a Hayt, William H. | |
| 100 | 1 | |b Buck, John A | |
| 245 | 1 | 0 | |a Teoría electromagnetismo. |
| 250 | |a 8a.ed. | ||
| 260 | |a México |b McGraw-Hill |c 2012 | ||
| 300 | |a 507 p. :il. | ||
| 650 | 7 | |a TEORIA ELECTROMAGNETICA | |
| 650 | 7 | |b ANALISIS VECTORIAL | |
| 650 | 7 | |c ECUACIONES DE POISSON - LAPLACE | |
| 650 | 7 | |d FUERZA MAGNETICAS | |
| 942 | |c BK |2 ddc | ||
| 991 | |a TEXTO | ||
| 999 | |c 2056 | ||